Fill in the Blanks K-pop (Ive Ver.) - Statistics

General Stats
  • This quiz has been taken 59 times
  • The average score is 4 of 12
Answer Stats
Hint Answer % Correct
One, two, three, one, two, three, one, two, three, _____ up! fly
60%
Oh, what a good ______ time
51%
Happily ever after? ______ nope
44%
__________, my god, I love it narcissistic
40%
Now I'm ________, can't you see? changing
37%
And the fit pop like _________ bubblegum
35%
No way, you just _____ too much talk
33%
This ain't your _____ life
26%
_______ eyes tiger
23%
Be a ______ writer
21%
Nothing like the ________ regulars
16%
Oh, perfect ________ sacrifice
16%
No matching quizzes found
Score Distribution
Percent of People with Each Score
Percentile by Number Answered
Your Score History
You have not taken this quiz